Dva odpadní soubory z 15. století : předměty ze sbírek Ostravského muzea /

Hlavní autor: Moravec, Zbyněk, 1981-
Korporativní autor: Ostravské muzeum (Ostrava, Česko)
Další autoři: Kočár, Petr, 1973-, Kočárová, Romana, Sůvová, Zdenka, 1978-, Vaďurová, Kateřina, 1992-
Jazyk: Čeština
Vydáno: Ostrava : Ostravské muzeum, 2021
Vydání: Vydání první
Témata:
Fyzický popis: 132 stran : ilustrace (převážně barevné), plány, faksimile ; 30 cm
Language note: Anglické resumé
Knihy
Uloženo v:
LEADER 03194nam a2200793 i 4500
001 nkc20223393227
003 CZ PrNK
005 20220329155711.0
007 ta
008 220127s2021 xr aeh f c 000 0 cze
015 |a cnb003393227 
020 |a 978-80-905925-7-5  |q (brožováno) 
035 |a (OCoLC)1310113645 
040 |a BOA001  |b cze  |d ABA001  |e rda 
041 0 |a cze  |b eng 
043 |a e-xr---  |b e-xr-mo  |2 czenas 
045 |a y0y1 
072 7 |a 902  |x Archeologie  |2 Konspekt  |9 8 
080 |a 902.2  |2 MRF 
080 |a 902:904  |2 MRF 
080 |a 628.3/.5  |2 MRF 
080 |a 738"04/14"  |2 MRF 
080 |a 069.5  |2 MRF 
080 |a (437.326)  |2 MRF 
080 |a (048.8:082)  |2 MRF 
080 |a (083.82)  |2 MRF 
100 1 |a Moravec, Zbyněk,  |d 1981-  |7 mzk2009496374  |4 aut  |4 ill  |4 pht 
245 1 0 |a Dva odpadní soubory z 15. století :  |b předměty ze sbírek Ostravského muzea /  |c Zbyněk Moravec, Petr Kočár, Romana Kočárová, Zdeňka Sůvová, Kateřina Vaďurová 
250 |a Vydání první 
264 1 |a Ostrava :  |b Ostravské muzeum,  |c 2021 
300 |a 132 stran :  |b ilustrace (převážně barevné), plány, faksimile ;  |c 30 cm 
336 |a text  |b txt  |2 rdacontent 
336 |a statický obraz  |b sti  |2 rdacontent 
337 |a bez média  |b n  |2 rdamedia 
338 |a svazek  |b nc  |2 rdacarrier 
500 |a 200 výtisků 
504 |a Obsahuje bibliografii 
546 |a Anglické resumé 
610 2 7 |a Ostravské muzeum (Ostrava, Česko)  |7 kn20010709319  |2 czenas 
648 7 |a 2001-2010  |7 ch460588  |2 czenas 
648 7 |a 15. století  |7 ch460553  |2 czenas 
650 0 7 |a archeologické výzkumy  |7 ph118577  |z Česko  |y 2001-2010  |2 czenas 
650 0 7 |a archeologické nálezy  |7 ph137683  |z Česko  |2 czenas 
650 0 7 |a odpad  |7 ph115564  |z Česko  |y 15. století  |2 czenas 
650 0 7 |a středověká keramika  |7 ph594370  |z Česko  |y 15. století  |2 czenas 
650 0 7 |a muzejní sbírky  |7 ph137908  |z Česko  |2 czenas 
650 0 9 |a excavations (archaeology)  |z Czechia  |y 2001-2010  |2 eczenas 
650 0 9 |a antiquities  |z Czechia  |2 eczenas 
650 0 9 |a waste products  |z Czechia  |y 15th century  |2 eczenas 
650 0 9 |a medieval pottery  |z Czechia  |y 15th century  |2 eczenas 
650 0 9 |a museum collections  |z Czechia  |2 eczenas 
651 7 |a Kostelní náměstí (Ostrava, Česko)  |7 ge1067250  |2 czenas 
651 7 |a ulice 28. října (Ostrava, Česko)  |7 ge336169  |2 czenas 
651 9 |a Kostelní náměstí Squere (Ostrava, Czechia)  |2 eczenas 
651 9 |a ulice 28. října Street (Ostrava, Czechia)  |2 eczenas 
655 7 |a kolektivní monografie  |7 fd501537  |2 czenas 
655 7 |a katalogy  |7 fd132535  |2 czenas 
655 9 |a collective monographs  |2 eczenas 
655 9 |a catalogs  |2 eczenas 
700 1 |a Kočár, Petr,  |d 1973-  |7 ola2011621925  |4 aut 
700 1 |a Kočárová, Romana  |7 jo2016900057  |4 aut 
700 1 |a Sůvová, Zdenka,  |d 1978-  |7 xx0191534  |4 aut 
700 1 |a Vaďurová, Kateřina,  |d 1992-  |7 mzk20221141615  |4 aut 
710 2 |a Ostravské muzeum (Ostrava, Česko)  |7 kn20010709319  |4 col 
910 2 |a BOA001  |b 4-1481.553 
990 |a BK 
995 |a 01 
991 |b 202203  |c NOV 
996 6 |b 2610893804  |c 4-1481.553  |l MZK  |r Sklad / do 1 hodiny  |n 1  |p p.v.  |w 001877874  |u 000010  |a 1  |e BOA001  |j MZK50  |s P